|
|
|
|
| LEADER |
01025cam a2200301 7i4500 |
| 001 |
0000036994 |
| 005 |
20221124090000.0 |
| 007 |
##ta |
| 008 |
221124s2022 si a eng |
| 020 |
# |
# |
|a 9789811693137
|
| 040 |
# |
# |
|a MATR
|
| 090 |
0 |
# |
|a B 662.88
|b REN
|
| 245 |
0 |
0 |
|a Renewable Energy from Bio-resources in Malaysia
|c edited by Hafiza Shukor, Muaz Mohd Zaini Makhtar & Abu Zahrim Yaser.
|
| 264 |
# |
1 |
|a Singapore:
|b Springer Nature,
|c 2022.
|
| 300 |
# |
# |
|a xx, 234 pages:
|b illustrations;
|c 30 cm.
|
| 336 |
# |
# |
|a text
|2 rdacontent
|
| 337 |
# |
# |
|a unmediated
|2 rdamedia
|
| 338 |
# |
# |
|a volume
|2 rdacarrier
|
| 650 |
# |
0 |
|a Renewable energy sources
|
| 650 |
# |
0 |
|a Green chemistry
|
| 650 |
# |
0 |
|a Energy policy --
|z Malaysia
|
| 650 |
# |
0 |
|a Renewable energy sources --
|z Malaysia
|
| 650 |
# |
0 |
|a Biomass energy zMalaysia
|
| 650 |
# |
0 |
|a Sustainability
|
| 700 |
0 |
# |
|a Hafiza Shukoreeditor
|
| 700 |
0 |
# |
|a Muaz Mohd Zaini Makhtareeditor
|
| 700 |
0 |
# |
|a Abu Zahrim Yaser
|
| 999 |
|
|
|a 0000041913
|b Book
|c Book
|e Business Information Centre
|